| 000 | 00554nam a2200169 i 4500 | ||
|---|---|---|---|
| 001 | 37296 | ||
| 003 | ES-MaACL | ||
| 005 | 20230906155536.0 | ||
| 007 | t| | ||
| 008 | 030220s1983 sp ||||1| spa d | ||
| 100 | 1 |
_aBustos Rodríguez, Manuel. _932926 |
|
| 245 | 1 | 4 |
_aLos cirujanos del Real Colegio de Cádiz en la encrucijada de la Ilustración _b: (1749-1796) / _cManuel Bustos Rodríguez. |
| 260 |
_aCádiz : _bUniversidad, _c[1983] |
||
| 300 |
_a191 p. ; _c20 cm. |
||
| 710 | 2 |
_aUniversidad de Cádiz. _9171718 |
|
| 852 |
_aES-MaACL _jL-5515 _bR.105759 |
||
| 999 |
_c37296 _d37296 |
||